|
|
|
|
| LEADER |
01673cas a2200385 a 4500 |
| 001 |
c000154605 |
| 003 |
CARM |
| 005 |
20020205155329.0 |
| 008 |
980414u1957uuuufr ar 0 b0fre d |
| 010 |
|
|
|a 98648852
|
| 019 |
1 |
|
|a 13801446
|5 LACONCORD2021
|
| 022 |
|
|
|a 0365-6497
|y 0523-0594
|
| 035 |
|
|
|a (OCoLC)1519642
|5 LACONCORD2021
|
| 040 |
|
|
|a LC
|b eng
|c LC
|
| 042 |
|
|
|a lc
|
| 050 |
0 |
0 |
|a AS161
|b .B4
|
| 060 |
|
0 |
|a W1 AN47KE
|
| 210 |
0 |
|
|a Ann. sci. Univ. Besancon, Med
|
| 222 |
|
0 |
|a Annales scientifiques de l'Universite de Besancon. Medecine
|
| 245 |
0 |
0 |
|a Annales scientifiques de l'Universite de Besancon.
|p Medecine.
|
| 246 |
3 |
0 |
|a Medecine
|
| 260 |
|
|
|a Besancon :
|b Institut de sciences naturelles,
|c 1957-
|
| 300 |
|
|
|a v. :
|b ill. ;
|c 26 cm.
|
| 310 |
|
|
|a Annual
|
| 362 |
0 |
|
|a 2e ser., fasc. 1 (1957)-2e ser., fasc. 10 (1964) ; 3e ser., fasc. 1 (1965)-
|
| 650 |
|
0 |
|a Medicine
|x Periodicals.
|
| 710 |
2 |
|
|a Universite de Besancon.
|b Institut des sciences naturelles.
|
| 780 |
0 |
1 |
|t Annales scientifiques de l'Universite de Besancon
|x 0365-6764
|w (DLC) 98648836
|w (OCoLC)6179013
|
| 852 |
8 |
|
|b CARM
|h A2:AH21C0
|i B03445
|p 0141959
|f SE
|
| 852 |
8 |
|
|b CARM
|h A2:AK18C0
|i D03628
|p 0141960
|f SE
|
| 866 |
|
0 |
|a 2e ser. 1(1957)-10(1964) ; 3e ser. 1(1965)-6(1969)
|
| 866 |
|
0 |
|a 2e ser. 1(1957)-10(1964) ; 3e ser. 1(1965)-6(1969)
|
| 999 |
f |
f |
|i 813c9e82-ad79-5ccd-bcea-b0352fa7a61a
|s 321343c5-16ad-5bd1-8e3a-a4681ecc9b1f
|
| 952 |
f |
f |
|p Can circulate
|a CAVAL
|b CAVAL
|c CAVAL
|d CARM 1 Store
|e B03445
|f A2:AH21C0
|h Other scheme
|i book
|k 2e ser. 1(1957)-10(1964)
|m 0141959
|
| 952 |
f |
f |
|p Can circulate
|a CAVAL
|b CAVAL
|c CAVAL
|d CARM 1 Store
|e D03628
|f A2:AK18C0
|h Other scheme
|i book
|k 3e ser. 1(1965)-6(1969)
|m 0141960
|